| 000 | 05022nam a22005177a 4500 | ||
|---|---|---|---|
| 005 | 20100406124814.0 | ||
| 010 | _aENG-95966 B-441135-157 | ||
| 020 |
_a9788131726730 _c375.00 |
||
| 035 | _aEN-79499 | ||
| 035 | _a B-441135-157 | ||
| 037 | _bDBAD/VEN | ||
| 037 | _bAllied Publishers | ||
| 082 | _a513 | ||
| 100 |
_aKhattar, Dinesh _930325 |
||
| 245 |
_aThe Pearson guide to objective arithmetic : _cby Dinesh Khattar _bfor competitive examinations / |
||
| 250 | _a3rd ed. | ||
| 260 |
_aNew Delhi _bDorling Kindersley (India) Pvt. Ltd. Licensees of Pearson Education _c2010 |
||
| 270 |
_a14, Local Shopping Centre, Panchsheel Park _bNew Delhi _e110017 |
||
| 300 |
_axxii, 554p. ; _c28 cm. (Pbk) |
||
| 942 |
_2ddc _cEN _mKHA _h513 |
||
| 999 |
_c35096 _d35096 |
||